mysqli: Table './ulib62015/stat_globaluid' is marked as crashed and should be repaired
select id from stat_globaluid where statuid='20260517155024_985'
mysqli: Table './ulib62015/stat_globaluid' is marked as crashed and should be repaired
DELETE FROM stat_globaluid
WHERE id NOT IN (
SELECT id
FROM (
SELECT id
FROM stat_globaluid
ORDER BY id DESC
LIMIT 100
) foo
);
mysqli: Table './ulib62015/stat_globaluid' is marked as crashed and should be repaired
insert into stat_globaluid set
statuid='20260517155024_985',
dt='1779007824',
phpself='/ULIB62015/dublinfull.php',
agent='Mozilla/5.0 AppleWebKit/537.36 (KHTML, like Gecko; compatible; ClaudeBot/1.0; +claudebot@anthropic.com)',
yea='2026',
mon='5',
dat='17',
ip='216.73.216.45'
mysqli: Table './ulib62015/stathist_viewbib_bib_type' is marked as crashed and should be repaired
insert into stathist_viewbib_bib_type set
dat='17' ,
mon='05' ,
yea='2026' ,
statuid='20260517155024_985' ,
head='13399122465' ,
foot='marc' ,
dt='1779007824'
| LEADER : 00000nam 2200000uu 4500 |
| 001 13399122465 |
| 003 ULIB |
| 008 190921s2562||||th 000 0 tha d |
| 020 ^a9786161139704
|
| 060 04 ^aWB925^bร451 2562
|
| 245 00 ^aรายงานบันทึกองค์ความรู้ ภูมิปัญญาการแพทย์แผนไทย การแพทย์พื้นบ้านไทย การแพทย์ทางเลือก ในงานมหกรรมการแพทย์แผนไทยและการแพทย์พื้นบ้านไทย ปีที่11 ระดับภาค /^cนันทศักดิ์ โชติชนะเดชาวงศ์ และศราวุฒิ จันดี, บรรณาธิการ ;^cกองคุ้มครองและส่งเสริมภูมิปัญญาการแพทย์แผนไทยและแพทย์พื้นบ้านไทย กรมการแพทย์แผนไทยและการแพทย์ทางเลือก
|
| 246 30 ^aองค์ความรู้ภูมิปัญญาการแพทย์แผนไทย การแพทย์พื้นบ้านไทย การแพทย์ทางเลือก
|
| 250 ^aพิมพ์ครั้งที่ 1
|
| 260 ^aนนทบุรี:^bกรม,^c2562.
|
| 300 ^a592 หน้า:^bภาพประกอบ;^c30 ซม.
|
| 650 4 ^aภูมิปัญญาการแพทย์แผนไทย
|
| 650 4 ^aการแพทย์พื้นบ้านไทย
|
| 650 4 ^aสมุนไพร^xรักษาโรค
|
| 700 0 ^aนันทศักดิ์ โชติชนะเดชาวงศ์,^eบรรณาธิการ
|
| 700 0 ^aศราวุฒิ จันดี,^eบรรณาธิการ
|
| 710 2 ^aกรมการแพทย์แผนไทยและการแพทย์ทางเลือก.^bกองคุ้มครองและส่งเสริมภูมิปัญญาการแพทย์แผนไทยและแพทย์พื้นบ้านไทย.
|
| 945 ^p0^l0^i026683 |
| 999 ^a57066
|
| คุณยังไม่ได้ล็อกอิน คุณสามารถมีกิจกรรมร่วมกับเว็บไซต์ได้ แต่ต้องล็อกอินก่อน :: |
|
|
|
| ลำดับที่ |
ประเภท |
เลขเรียก/บาร์โค้ด |
สถานที่ |
สถานะ |
| 1. |
 หนังสือ | WB925 ร451 2562 Barcode: 026683 | หนังสือทั่วไป | บนชั้น ขอยืม |
| Note:อภินันทนาการ |
รายการใกล้เคียง
หัวเรื่อง [ภูมิปัญญาการแพทย์แผนไทย] หัวเรื่อง [การแพทย์พื้นบ้านไทย]
|
|
ยังไม่เคยถูกคอมเมนท์
|
| คอมเมนท์ทรัพยากรรายการนี้ |
|